Carmen honoribus illustrissimi ac reverendissimi domini Josephi Samassa, ... episcopi Scepusiensis, et ss. theologiae doctoris, ... anno 1871-o die 27a augusti ... dicatum

Bibliographic Details
Format: Book
Language:Latin
PhysicalDescription:[11] s. 28 cm
Published: [Levoča s.n. 1871]
Subjects:

MARC

LEADER 00000nam a2200000 a 4500
001 vtls001222970
003 SK-MaSNL
005 20260301063911.0
008 180129s1871 xo g 0 lat
020 |q (brož.) 
035 |a SNK000168786 
040 |a SNK  |b slo  |c SNK  |e AACR2 
041 0 |a lat 
044 |a xo  |c SK 
080 |a 871-1  |2 1981 
245 1 |a Carmen honoribus illustrissimi ac reverendissimi domini Josephi Samassa, ... episcopi Scepusiensis, et ss. theologiae doctoris, ... anno 1871-o die 27a augusti ... dicatum 
260 |a [Levoča  |b s.n.  |c 1871] 
300 |a [11] s.  |c 28 cm 
650 0 7 |a básne oslavné latinské  |2 SNK  |9 380384 
999 |c 625253  |d 627183 
952 |t P60, <03>, [BOOK], {603}  |a SNK  |b SNK  |y PREZ  |7 0  |p 17A0737386  |o snkSB 298/19  |i snk1755/30  |0 0  |1 0  |4 0  |d 1996-11-15  |f 1  |l 0  |r 2025-01-31 00:00:00  |w 2026-02-23 
952 |t P60, <04>, [BOOK], {604}  |a SNK  |b SNK  |y VYP  |7 0  |p 17A0017309  |o snkSB 298/19 D1  |i snkD 1243/96  |0 0  |1 0  |4 0  |d 1996-11-15  |l 0  |r 2005-01-01 00:00:00  |w 2026-02-23